English/British Monarch by Consort Quiz Stats

 Plays Quiz not verified by Sporcle

Challenge
Share
Tweet
Embed
Score 0/47 Timer 10:00
0 Plays Today
Consort Monarch % Correct
Anne BoleynHenry VIII
95.1%
Jane SeymourHenry VIII
93.8%
Anne of ClevesHenry VIII
93.6%
Catherine ParrHenry VIII
93.5%
Catherine HowardHenry VIII
93.4%
Catherine of AragonHenry VIII
93.3%
Philip II of SpainMary I
92.2%
Albert of Saxe-Coburg and GothaVictoria
92.2%
William of OrangeMary II
90.7%
Philip MountbattenElizabeth II
89.9%
Mary II of EnglandWilliam III
88.2%
Elizabeth Bowes-LyonGeorge VI
88.2%
George of DenmarkAnne
86.6%
Eleanor of AquitaineHenry II
86%
Elizabeth of YorkHenry VII
84.2%
Charlotte of Mecklenburg-StrelitzGeorge III
79.4%
Mary of TeckGeorge V
79.2%
Elizabeth WoodvilleEdward IV
78.7%
Alexandra of DenmarkEdward VII
77.8%
Henrietta Maria of FranceCharles I
77.7%
Caroline of BrunswickGeorge IV
77.6%
Matilda of FlandersWilliam I
76.9%
Anne NevilleRichard III
75.2%
Margaret of AnjouHenry VI
73.5%
Consort Monarch % Correct
Adelaide of Saxe-MeiningenWilliam IV
73%
Caroline of AnsbachGeorge II
72.9%
Sophia Dorothea of CelleGeorge I
72.5%
Berengaria of NavarreRichard I
70.9%
Anne of DenmarkJames I
70.3%
Catherine of ValoisHenry V
70.2%
Catherine of BraganzaCharles II
69.3%
Matilda of BoulogneStephen
68.9%
Philippa of HainaultEdward III
68.6%
Matilda of ScotlandHenry I
68.2%
Isabella of FranceEdward II
67.4%
Eleanor of CastileEdward I
66.5%
Eleanor of ProvenceHenry III
64.6%
Mary of ModenaJames II
64.3%
Isabel of AngoulêmeJohn
63.7%
Anne HydeJames II
63.7%
Adeliza of LouvainHenry I
61.5%
Joan of NavarreHenry IV
61.3%
Isabel of GloucesterJohn
60.7%
Anne of BohemiaRichard II
59.3%
Mary de BohunHenry IV
58%
Margaret of FranceEdward I
57.1%
Isabella of ValoisRichard II
56.9%

You're not logged in!

Compare scores with friends on all Sporcle quizzes.
OR
Log In

You Might Also Like...

Show Comments

Extras

Top Quizzes Today


Score Distribution

Your Account Isn't Verified!

In order to create a playlist on Sporcle, you need to verify the email address you used during registration. Go to your Sporcle Settings to finish the process.

Report this User

Report this user for behavior that violates our Community Guidelines.

Details: